000 00852cam a2200265 4500
001 12491500
003 OSt
005 20210308114447.0
008 010510m20012004ck b 001 0 spa
020 _a9586353869 (t. 1)
020 _a9586353877 (t. 2)
035 _a(BoCbEI)la0101M0532
040 _aDLC
_cCO-JMCR
_dDLC
041 0 _aspa
082 0 4 _a346.86102 /
_bL166m
_223
100 1 _aLafont Pianetta, Pedro,
_eautor
_914527
245 1 0 _aManual de contratos /
_cPedro Lafont Pianetta.
250 _aPrimera edición
260 _aBogotá :
_bEdiciones Librería del Profesional,
_c2001-2004.
300 _a2 v. ;
_c24 cm.
504 _aIncludes bibliographical references and indexes.
505 0 _gv.1
_tParte teórica
_gv.2
_tparte teórica práctica -- técnica de negocios
650 1 4 _aContratos
_zColombia.
_914528
942 _2ddc
_cBK
999 _c7487
_d7487